| 000 | 005370000a22001810004500 | ||
|---|---|---|---|
| 003 | MACL | ||
| 005 | 20160317115015.0 | ||
| 008 | 160317b xxu||||| |||| 00| 0 eng d | ||
| 040 |
_aMACL _cMACL |
||
| 041 | _aHindi | ||
| 082 | _a800 | ||
| 100 |
_aनरेन्द्रकुमार भानावत _946798 |
||
| 245 | _aअन्तर्भारती | ||
| 260 |
_bरामप्रसाद एण्ड संस _c1966 _aआगरा |
||
| 350 | _a2 | ||
| 650 |
_aLiteracture _946799 |
||
| 942 |
_cHIN _k800 _2ddc |
||
| 999 |
_c25376 _d25376 |
||